<?xml version="1.0" encoding="UTF-8"?>
<record
    xmlns:xsi="http://www.w3.org/2001/XMLSchema-instance"
    xsi:schemaLocation="http://www.loc.gov/MARC21/slim http://www.loc.gov/standards/marcxml/schema/MARC21slim.xsd"
    xmlns="http://www.loc.gov/MARC21/slim">

  <leader>01015 am a2200289 a 4500</leader>
  <controlfield tag="005">20241202125354.0</controlfield>
  <controlfield tag="008">100930s1987||||sp a   f |||| 001 0 spa d</controlfield>
  <datafield tag="020" ind1=" " ind2=" ">
    <subfield code="a">8476053606</subfield>
  </datafield>
  <datafield tag="041" ind1=" " ind2=" ">
    <subfield code="a">spa</subfield>
  </datafield>
  <datafield tag="092" ind1=" " ind2=" ">
    <subfield code="c">616.0757</subfield>
    <subfield code="l">77</subfield>
    <subfield code="s">SAN</subfield>
  </datafield>
  <datafield tag="100" ind1="1" ind2=" ">
    <subfield code="a">Pedrosa, C&#xE9;sar.</subfield>
    <subfield code="9">741</subfield>
    <subfield code="q">S&#xE1;nchez Alvarez-Pedrosa, C&#xE9;sar</subfield>
  </datafield>
  <datafield tag="245" ind1=" " ind2=" ">
    <subfield code="a">Diagn&#xF3;stico por imagen. </subfield>
    <subfield code="b">Compendio de radiolog&#xED;a cl&#xED;nica /</subfield>
    <subfield code="c">C&#xE9;sar Pedrosa</subfield>
  </datafield>
  <datafield tag="250" ind1=" " ind2=" ">
    <subfield code="a">1a ed. reimpr.</subfield>
  </datafield>
  <datafield tag="260" ind1=" " ind2=" ">
    <subfield code="a">Madrid: </subfield>
    <subfield code="b">Interamericana ; McGraw Hill;</subfield>
    <subfield code="c">1987.</subfield>
  </datafield>
  <datafield tag="300" ind1=" " ind2=" ">
    <subfield code="a">805 p.</subfield>
    <subfield code="b">il.</subfield>
  </datafield>
  <datafield tag="500" ind1=" " ind2=" ">
    <subfield code="a">Pedrosa, C. y Casanova G&#xF3;mez, R. (1987). Diagn&#xF3;stico por imagen. Compendio de radiolog&#xED;a cl&#xED;nica. (1a ed.). Madrid : Interamericana ; McGraw Hill.</subfield>
  </datafield>
  <datafield tag="653" ind1=" " ind2=" ">
    <subfield code="a">Radiolog&#xED;a convencional</subfield>
  </datafield>
  <datafield tag="653" ind1=" " ind2=" ">
    <subfield code="a">Medicina Nuclear</subfield>
  </datafield>
  <datafield tag="653" ind1=" " ind2=" ">
    <subfield code="a">Angiograf&#xED;a</subfield>
  </datafield>
  <datafield tag="653" ind1=" " ind2=" ">
    <subfield code="a">Ultrasonograf&#xED;a</subfield>
  </datafield>
  <datafield tag="653" ind1=" " ind2=" ">
    <subfield code="a">Tomograf&#xED;a computarizada</subfield>
  </datafield>
  <datafield tag="653" ind1=" " ind2=" ">
    <subfield code="a">Resonancia magn&#xE9;tica</subfield>
  </datafield>
  <datafield tag="700" ind1="1" ind2=" ">
    <subfield code="a">Casanova, Rafael.</subfield>
    <subfield code="9">742</subfield>
    <subfield code="q">Casanova G&#xF3;mez, Rafael</subfield>
  </datafield>
  <datafield tag="930" ind1=" " ind2=" ">
    <subfield code="a">864</subfield>
  </datafield>
  <datafield tag="930" ind1=" " ind2=" ">
    <subfield code="a">2274</subfield>
  </datafield>
  <datafield tag="942" ind1=" " ind2=" ">
    <subfield code="2">ddc</subfield>
    <subfield code="c">BK</subfield>
  </datafield>
  <datafield tag="999" ind1=" " ind2=" ">
    <subfield code="c">780</subfield>
    <subfield code="d">780</subfield>
  </datafield>
  <datafield tag="952" ind1=" " ind2=" ">
    <subfield code="0">0</subfield>
    <subfield code="1">0</subfield>
    <subfield code="2">ddc</subfield>
    <subfield code="4">0</subfield>
    <subfield code="7">0</subfield>
    <subfield code="a">BFM</subfield>
    <subfield code="b">BFM</subfield>
    <subfield code="c">CR</subfield>
    <subfield code="d">2011-05-13</subfield>
    <subfield code="l">64</subfield>
    <subfield code="m">3</subfield>
    <subfield code="o">616.0757 77 SAN</subfield>
    <subfield code="p">864</subfield>
    <subfield code="r">2024-05-16</subfield>
    <subfield code="s">2024-05-09</subfield>
    <subfield code="t">ej.1</subfield>
    <subfield code="w">2011-05-13</subfield>
    <subfield code="y">BK</subfield>
  </datafield>
  <datafield tag="952" ind1=" " ind2=" ">
    <subfield code="0">0</subfield>
    <subfield code="1">0</subfield>
    <subfield code="2">ddc</subfield>
    <subfield code="4">0</subfield>
    <subfield code="7">0</subfield>
    <subfield code="a">BFM</subfield>
    <subfield code="b">BFM</subfield>
    <subfield code="c">CR</subfield>
    <subfield code="d">2011-06-24</subfield>
    <subfield code="l">95</subfield>
    <subfield code="m">8</subfield>
    <subfield code="o">616.0757 77 SAN</subfield>
    <subfield code="p">2274</subfield>
    <subfield code="r">2024-04-26</subfield>
    <subfield code="s">2024-04-22</subfield>
    <subfield code="t">ej.2</subfield>
    <subfield code="w">2011-06-24</subfield>
    <subfield code="y">BK</subfield>
  </datafield>
  <datafield tag="952" ind1=" " ind2=" ">
    <subfield code="0">0</subfield>
    <subfield code="1">0</subfield>
    <subfield code="2">ddc</subfield>
    <subfield code="4">0</subfield>
    <subfield code="7">0</subfield>
    <subfield code="a">BFM</subfield>
    <subfield code="b">BFM</subfield>
    <subfield code="c">CR</subfield>
    <subfield code="d">2017-03-06</subfield>
    <subfield code="e">Donacion Antonella Della Gaspera, Marzo 2017</subfield>
    <subfield code="l">19</subfield>
    <subfield code="m">2</subfield>
    <subfield code="o">616.0757 77 SAN</subfield>
    <subfield code="p">3839</subfield>
    <subfield code="r">2026-04-28</subfield>
    <subfield code="s">2026-04-14</subfield>
    <subfield code="t">Ej.3</subfield>
    <subfield code="w">2017-03-06</subfield>
    <subfield code="y">BK</subfield>
    <subfield code="z">Donacion Antonella Della Gaspera, Marzo 2017</subfield>
  </datafield>
  <datafield tag="952" ind1=" " ind2=" ">
    <subfield code="0">0</subfield>
    <subfield code="1">0</subfield>
    <subfield code="2">ddc</subfield>
    <subfield code="4">0</subfield>
    <subfield code="7">0</subfield>
    <subfield code="a">BFM</subfield>
    <subfield code="b">BFM</subfield>
    <subfield code="c">CR</subfield>
    <subfield code="d">2017-08-10</subfield>
    <subfield code="e">Donaci&#xF3;n Cecilia Perez Serafini, Agosto 2017.</subfield>
    <subfield code="l">15</subfield>
    <subfield code="m">2</subfield>
    <subfield code="o"> 616.0757 77 SAN</subfield>
    <subfield code="p">3884</subfield>
    <subfield code="r">2020-02-28</subfield>
    <subfield code="s">2019-12-18</subfield>
    <subfield code="t">Ej.4</subfield>
    <subfield code="w">2017-08-10</subfield>
    <subfield code="y">BK</subfield>
    <subfield code="z">Donaci&#xF3;n Cecilia Perez Serafini, Agosto 2017.</subfield>
  </datafield>
  <datafield tag="952" ind1=" " ind2=" ">
    <subfield code="0">0</subfield>
    <subfield code="1">0</subfield>
    <subfield code="2">ddc</subfield>
    <subfield code="4">0</subfield>
    <subfield code="7">0</subfield>
    <subfield code="8">NFIC</subfield>
    <subfield code="a">BFM</subfield>
    <subfield code="b">BFM</subfield>
    <subfield code="c">CR</subfield>
    <subfield code="d">2017-12-21</subfield>
    <subfield code="e">Donacion</subfield>
    <subfield code="l">7</subfield>
    <subfield code="m">3</subfield>
    <subfield code="o">616.0757 77 SAN</subfield>
    <subfield code="p">4119</subfield>
    <subfield code="r">2025-06-23</subfield>
    <subfield code="s">2025-06-17</subfield>
    <subfield code="t">Ej.5</subfield>
    <subfield code="w">2017-12-21</subfield>
    <subfield code="y">BK</subfield>
    <subfield code="z">Donacion Zitta Maria Eugenia Dic/2017</subfield>
    <subfield code="f"></subfield>
  </datafield>
  <datafield tag="952" ind1=" " ind2=" ">
    <subfield code="0">0</subfield>
    <subfield code="1">0</subfield>
    <subfield code="2">ddc</subfield>
    <subfield code="4">0</subfield>
    <subfield code="7">0</subfield>
    <subfield code="a">BFM</subfield>
    <subfield code="b">BFM</subfield>
    <subfield code="c">CR</subfield>
    <subfield code="d">2018-09-24</subfield>
    <subfield code="e">Donaci&#xF3;n Septiembre, 2018</subfield>
    <subfield code="l">21</subfield>
    <subfield code="m">10</subfield>
    <subfield code="o">616.0757 77 SAN</subfield>
    <subfield code="p">4334</subfield>
    <subfield code="r">2024-09-23</subfield>
    <subfield code="s">2024-09-18</subfield>
    <subfield code="t">Ej.6</subfield>
    <subfield code="w">2018-09-24</subfield>
    <subfield code="y">BK</subfield>
    <subfield code="z">Donaci&#xF3;n Septiembre, 2018</subfield>
  </datafield>
  <datafield tag="952" ind1=" " ind2=" ">
    <subfield code="0">0</subfield>
    <subfield code="1">0</subfield>
    <subfield code="2">ddc</subfield>
    <subfield code="4">0</subfield>
    <subfield code="7">0</subfield>
    <subfield code="a">BFM</subfield>
    <subfield code="b">BFM</subfield>
    <subfield code="c">CR</subfield>
    <subfield code="d">2024-12-02</subfield>
    <subfield code="e">Donaci&#xF3;n Diciembre 2024</subfield>
    <subfield code="l">0</subfield>
    <subfield code="o">616.0757 77 SAN</subfield>
    <subfield code="p">4960</subfield>
    <subfield code="r">2024-12-02</subfield>
    <subfield code="t">Ej.7</subfield>
    <subfield code="w">2024-12-02</subfield>
    <subfield code="y">BK</subfield>
    <subfield code="z">Donaci&#xF3;n Diciembre 2024. Sede Tordos.</subfield>
    <subfield code="f"></subfield>
  </datafield>
</record>
